| 000 | 00582nam a2200193Ia 4500 | ||
|---|---|---|---|
| 003 | GCL | ||
| 008 | 140319s9999 xx 000 0 eng d | ||
| 040 |
_aGCL / _cGCL |
||
| 082 | 0 | 4 |
_a363.8 _bM F |
| 100 | 1 | _aMILADI, SAMIR SALEM | |
| 245 | 1 | 0 |
_aFOOD CONSUMPTION PATTERNS AND DIETARY HABITS IN THE ARAB COUNTRIES OF THE GULF / _cMILADI, SAMIR SALEM |
| 700 | 1 | _aMUSAIGER, ABDULRAHMAN | |
| 260 |
_a[S.N] : _bFAO REGIONAL OFFICE FOR THE NEAR EAST ، _c1995 |
||
| 300 | _a134 P | ||
| 650 | 0 | 4 | _aNUTRITION |
| 650 | 0 | 4 | _aFOOD COMSUMPTION |
| 650 | 0 | 4 | _aSOCIAL SCIENCE |
| 942 |
_2ddc _cBK |
||
| 999 |
_c12542 _d12542 |
||